| Поле | Название | Значение |
| |
Тип записи |
a |
| |
Библиографический уровень |
m |
| 001 |
Контрольный номер |
RU\NLR\bibl\1499195 |
| 005 |
Дата корректировки |
20201206205128.2 |
| 010 |
Индекс ISBN |
__ |
| a |
ISBN |
978-5-7205-1003-9 (в пер.) |
| d |
Цена |
180-00, 1500 экз. |
| 100 |
Данные общей обработки |
__ |
| a |
Данные общей обработки |
19100304d2009||||||| 0rusy0189 ca |
| 101 |
Язык документа |
0_ |
| a |
Язык текста |
rus |
| 102 |
Страна публикации |
__ |
| a |
Страна публикации |
RU| |
| 105 |
Кодированные данные (монография) |
__ |
| a |
Кодированные данные (монография) |
y||||||||||zy |
| 200 |
Заглавие и сведения об ответственности |
1_ |
| a |
Заглавие |
Право на доступ к информации |
| e |
Сведения, относящиеся к заглавию |
доступ к открытой информации |
| f |
Первые сведения об ответственности |
[И. Ю. Богдановская и др. ; ответственный редактор И. Ю. Богдановская и др.] ; Государственный университет - Высшая школа экономики |
| b |
Общее обозначение материала |
Текст |
| 210 |
Выходные данные |
__ |
| a |
Место издания |
Москва |
| c |
Издательство |
Юстицинформ |
| d |
Дата издания |
2009 |
| 215 |
Физическое описание |
__ |
| a |
Объем |
343, [1] с. |
| d |
Формат |
21 см |
| 300 |
Общие примечания |
__ |
| a |
Общие примечания |
Авторы указаны на обороте титульного листа |
| 330 |
Аннотация |
__ |
| a |
Аннотация |
В предлагаемой коллективной монографии впервые в отечественной научной литературе рассматриваются проблемы, связанные с правом на доступ к отдельным видам открытой информации, прежде всего к информации о деятельности государственных органов. Особое внимание уделяется вопросу о доступе к информации в условиях становления "электронного государства", проблемам правового регулирования электронного документооборота. |
| 606 |
Тематические рубрики |
__ |
| a |
Основная рубрика |
Право |
| 606 |
Тематические рубрики |
__ |
| a |
Основная рубрика |
Правовая охрана интеллектуальной собственности |
| y |
Географическая подрубрика |
Российская Федерация |
| 610 |
Ключевые слова |
__ |
| a |
Ключевые слова |
административное право |
| a |
Ключевые слова |
виды информации |
| a |
Ключевые слова |
доступ к информации |
| a |
Ключевые слова |
информационное право |
| a |
Ключевые слова |
информация |
| a |
Ключевые слова |
право |
| a |
Ключевые слова |
правовая защита |
| a |
Ключевые слова |
электронный документооборот |
| 686 |
Индексы других классификаций |
__ |
| 2 |
Код системы |
rubbks |
| a |
Классификационный индекс |
67.404.3(2Рос) |
| 701 |
Альтернативная интеллектуальная ответственность |
_1 |
| a |
Фамилия |
Богдановская |
| b |
Имя |
И. Ю. |
| g |
Полное личное имя |
Ирина Юрьевна |
| 4 |
Код отношения |
340 |
| 4 |
Код отношения |
070 |
| 701 |
Альтернативная интеллектуальная ответственность |
_1 |
| a |
Фамилия |
Бринчук |
| b |
Имя |
М. М. |
| 4 |
Код отношения |
070 |
| 701 |
Альтернативная интеллектуальная ответственность |
_1 |
| a |
Фамилия |
Выпханова |
| b |
Имя |
Г. В. |
| 4 |
Код отношения |
070 |
| 701 |
Альтернативная интеллектуальная ответственность |
_1 |
| a |
Фамилия |
Пашин |
| b |
Имя |
С. А. |
| 4 |
Код отношения |
070 |
| 701 |
Альтернативная интеллектуальная ответственность |
_1 |
| a |
Фамилия |
Салыгин |
| b |
Имя |
Е. Н. |
| 4 |
Код отношения |
070 |
| 701 |
Альтернативная интеллектуальная ответственность |
_1 |
| a |
Фамилия |
Соловяненко |
| b |
Имя |
Н. И. |
| 4 |
Код отношения |
070 |
| 711 |
Наименование организации. (Альтернативная ответственность) |
__ |
| a |
Организация/ юрисдикция |
Национальный исследовательский университет "Высшая школа экономики" |
| 801 |
Источник записи |
_0 |
| a |
Страна |
RU |
| b |
Организация |
РГБ |
| c |
Дата составления |
20100304 |
| g |
Правила каталогизации |
rpk |
| 801 |
Источник записи |
_2 |
| a |
Страна |
RU |
| b |
Организация |
Муниципальное бюджетное учреждение культуры "Централизованная библиотечная система" г. Сургут (Центральная городская библиотека им. А. С. Пушкина) |
| c |
Дата составления |
20100304 |
| 852 |
Данные о местонахождении |
__ |
| j |
Шифр хранения |
67.404.3(2Рос) |
| i |
Авторский знак |
П 68 |
| 901 |
Тип документа |
__ |
| t |
Тип документа |
m |
| a |
Ответственный |
ООФиК/Волкова |
| 903 |
Характеристики (МАРС) |
__ |
| a |
Дата передачи |
20180601 |
| 990 |
Данные о заказе (DOS) |
__ |
| j |
Количество экземпляров (DOS) |
1 |
| t |
N записи в КСУ для И/У (DOS) |
201805 |